| 000 -LEADER |
| fixed length control field |
00706nam a22001457a 4500 |
| 008 - FIXED-LENGTH DATA ELEMENTS--GENERAL INFORMATION |
| fixed length control field |
240819b ||||| |||| 00| 0 eng d |
| 100 ## - MAIN ENTRY--PERSONAL NAME |
| Personal name |
Basu, Anamika |
| 245 ## - TITLE STATEMENT |
| Title |
Life skills for adolescent girls in Himachal Pradesh: A critical evolution |
| 260 ## - PUBLICATION, DISTRIBUTION, ETC. (IMPRINT) |
| Place of publication, distribution, etc |
Social Scientist |
| 300 ## - PHYSICAL DESCRIPTION |
| Extent |
52(3-4), Mar-Apr, 2024: p.89-98 |
| 520 ## - SUMMARY, ETC. |
| Summary, etc |
The adolescent period is often described as exhibiting high energy, enthusiasm, and willingness to engage in novel experience. The phenomenon is characters by notable changes in cognitive and behavioral patterns, particularly concerning interpersonal instructions. – Reproduced |
| 773 ## - HOST ITEM ENTRY |
| Main entry heading |
Social Scientist |
| 906 ## - LOCAL DATA ELEMENT F, LDF (RLIN) |
| Subject DIP |
CHILD DEVELOPMENT |
| 942 ## - ADDED ENTRY ELEMENTS (KOHA) |
| Item type |
Articles |